| 000 | 00608nam a2200217Ia 4500 | ||
|---|---|---|---|
| 001 | b7042-51174 | ||
| 003 | IT-MiCISF | ||
| 008 | 161014s9999||||xx |||||||||||||| ||und|| | ||
| 040 |
_aIT-MiCISF _cIT-MiCISF |
||
| 041 | _ait | ||
| 100 | _aPoussin Gérard | ||
| 245 | 0 |
_aL'affidamento alternato _bApprofittare dei vantaggi, evitare gli inconvenienti |
|
| 250 | _a1a ed. | ||
| 260 |
_a Firenze _bLe Lettere _c2005 [Edizione originale: 2004] |
||
| 300 | _app. 139 | ||
| 500 | _a / divorzio, affido-condiviso / | ||
| 650 | _adivorzio | ||
| 700 | _aLamy Anne | ||
| 942 | _cBK | ||
| 957 | _71 | ||
| 999 |
_a51174 _bsi _g1 _c209941 _d209941 |
||